Návrh uzamykacieho mechanizmu sedačky

Saved in:
Bibliographic Details
Main Author: Blahušiak, Nikolas (Author)
Other Authors: Košťál, Peter (Thesis advisor)
Format: Manuscript Book
Language:Slovak
Published: 2025
Subjects:
Online Access:http://is.stuba.sk/zp/portal_zp.pl?podrobnosti=176911
Tags: Add Tag
No Tags, Be the first to tag this record!

MARC

LEADER 00000ntm a22000003a 4500
001 stuzp104105
003 SK-STU
005 20250628211221.0
007 ta
008 150427s2015----xo-----f-mn---000-0-slo-d
040 |a STU  |b slo 
041 0 |a slo 
100 1 |a Blahušiak, Nikolas  |u 063000  |4 aut  |U MTF Materiálovotechnologická fakulta  |T MTF Ústav výrobných technológií  |X 121966  |U M3000  |Y 83  |7 121966 
242 0 1 |a Seat locking mechanism design  |y eng 
245 1 0 |a Návrh uzamykacieho mechanizmu sedačky 
260 |c 2025 
650 4 |a uzamykací mechanizmus  |2 slo 
650 4 |a automotív  |2 slo 
650 4 |a CAD  |2 slo 
650 4 |a Siemens NX  |2 slo 
650 4 |a transformácia pohybu  |2 slo 
650 4 |a elektronické riadenie  |2 slo 
650 4 |a locking mechanism  |2 eng 
650 4 |a car seat  |2 eng 
650 4 |a Arduino  |2 eng 
650 4 |a kinematic transformation  |2 eng 
650 4 |a CAD  |2 eng 
650 4 |a Siemens NX  |2 eng 
700 1 |a Košťál, Peter  |u 063800  |k Z1  |4 ths  |U MTF Ústav výrobných technológií  |T MTF Katedra výrobných zariadení a systémov  |X 216  |U M3800  |Y 660  |7 A000000216 
856 4 |u http://is.stuba.sk/zp/portal_zp.pl?podrobnosti=176911 
996 |c M* BP-9884  |l MMSKP  |s P  |a 0  |w stuzp104105_0001